Statistiques concernant Pays avec le plus de langues parlées

Cliquez ici pour prendre le quiz!

Statistiques générales

  • Ce quiz a été pris 3,568 fois
    (3,486 depuis la dernière actualisation)
  • Le résultat moyen est 12 sur 20

Statistiques - réponses

pays % Correct
301Chine
96%
347Etats-Unis
90%
454Inde
89%
155Russie
88%
227Brésil
85%
164Canada
78%
290Mexique
75%
709Indonésie
73%
259Australie
72%
212RD du Congo
66%
145Malaisie
52%
191Philippines
49%
527Nigeria
47%
840Papouasie-Nouvelle-Guinée
46%
118Birmanie
34%
126Tanzanie
30%
132Tchad
27%
280Cameroun
26%
124Népal
23%
117Vanuatu
10%

Distribution des résultats

Percentile by Number Answered

% des personnes avec chaque résultat

Votre développement - résultats

Vous n’avez pas pris ce quiz depuis la dernière actualisation